01021 2200205 4500001002100000005001500021035002000036008004100056245004000097100001400137250000600151260003800157300001200195084001400207082000800221650001000229520055200239990001200791990001200803INLIS00000000000092920240603075828 a0010-0524000164240603 1 ind 1 aUps, I Remember The DJ /cFatmasari aFatmasari a1 aYogyakarta :bSheila/ Andi,c2014 a312 hlm a813 FAT u a813 4aFiksi aPutri menutup ponselnya dengan sedih. Mama dan Papa baru saja menyampaikan berita buruk untuknya. Bagaimana tidak? Mereka mendadak tidak bisa pulang ke rumah karena masih ada urusan pekerjaan di luar Jawa. Padahal, seminggu yang lalu, Putri sudah menyampaikan rencana kepada orang tuanya untuk menghabiskan liburan Tahun Baru di rumah. Putri ingin mengajak Rommy, pacarnya, makan malam bersama Mama dan Papa. Dia berharap agar hubungannya dengan sang dokter bisa ditanggapi serius oleh orang tuanya. Namun, semua itu sepertinya tidak bisa terjadi. a0741612 a0741613